000 00786nam a22003017a 4500
001 000620
003 DO-SdBNP
005 20180206111020.0
007 000620
008 161027b 1998 sp ||||| |||| 00| 0 spa d
020 _a8434850532
040 _aBPMSU
_bspa
_cBPMSU
041 1 7 _aspa
_heng
082 _axxxx
_bxxxx
100 1 _aBordons, Paloma,
_d1964-
245 1 0 _aLa tierra de las papas /
_cPaloma Bordons.
250 _a4a ed.
260 _aMadrid :
_bSM.
_c1998
300 _a142 p.
_c19 cm.
490 1 _aEl barco de vapor
_v90
490 1 _aRoja
500 _a"A partir de 12 aƱos"-
830 0 _aEl barco de vapor ;
_v90
830 0 _aRoja
942 _2ddc
_cBK
945 _ainventariado, 2018 / dg
956 _2LOPEREZ
_310
_620161028
_8BPMSU
_a00041
999 _c11726
_d11726